Revista Internacional de Pensamiento Polt̕ico

Bibliographic Details
Format: eBook
Language:Spanish
Published: Barcelona: Editorial vLex, 2006 -
Subjects:
Online Access:Acceso restringido

MARC

LEADER 00000nam a22000007a 4500
005 20200109225820.0
007 cr|||| |||
008 200109c20069999es ar|w s|||| 0|||b1spa d
022 |a 1885-589X 
035 |a 30913 
040 |a vLex 
090 |c 10108  |d 10108 
245 0 0 |a Revista Internacional de Pensamiento Polt̕ico  |h [Recurso electrn̤ico] / 
256 |a Servicio en ln̕ea 
260 |a Barcelona:  |b Editorial vLex,  |c 2006 - 
300 |a 1 recurso electrn̤ico 
310 |a Anual 
362 |a Nð 1 (Ene. 2006) - 
506 1 |a Disponible solo en los productos indicados  |d vLex Global  |d vLex Global (Academic Edition, excluding Law Schools)  |d vLex Global (U.S. Academic Edition, Law Schools)  |d vLex Global (U.S. Academic Edition, excluding Law Schools)  |d vLex Global (Academic Edition, Law Schools) 
650 0 4 |a Ciencias sociales  |z Espaą 
740 0 |a vLex Revistas (Servicio en ln̕ea) 
856 4 0 |u http://vlex.com/source/revista-internacional-pensamiento-politico-30913  |z Acceso restringido 
942 |c REV 
999 0 |a Social Sciences